Effect of Different Levels of Nitrogen and Phosphorus on Growth Yield and Quality of Hybrid Cabbage (Brassica Oleracea Var Capitala L.) (Record no. 50199)

MARC details
000 -LEADER
fixed length control field 00533nam a22001697a 4500
003 - CONTROL NUMBER IDENTIFIER
control field OSt
008 - FIXED-LENGTH DATA ELEMENTS--GENERAL INFORMATION
fixed length control field 260427b |||||||| |||| 00| 0 eng d
082 ## - DEWEY DECIMAL CLASSIFICATION NUMBER
Classification number 635.34
Item number C35E
100 ## - MAIN ENTRY--PERSONAL NAME
Personal name Choudhary, Rajesh Kumar
245 ## - TITLE STATEMENT
Title Effect of Different Levels of Nitrogen and Phosphorus on Growth Yield and Quality of Hybrid Cabbage (Brassica Oleracea Var Capitala L.)
260 ## - PUBLICATION, DISTRIBUTION, ETC. (IMPRINT)
Place of publication, distribution, etc Pusa, Samastipur
Name of publisher, distributor, etc RAU
Date of publication, distribution, etc 2001
300 ## - PHYSICAL DESCRIPTION
Extent 61P.
502 ## - DISSERTATION NOTE
Degree type Msc.
Year degree granted 2001
650 ## - SUBJECT ADDED ENTRY--TOPICAL TERM
Topical term or geographic name as entry element Vegetables and Floriculture
650 ## - SUBJECT ADDED ENTRY--TOPICAL TERM
Topical term or geographic name as entry element Horticulture
942 ## - ADDED ENTRY ELEMENTS (KOHA)
Source of classification or shelving scheme
Koha item type Thesis
Holdings
Withdrawn status Lost status Source of classification or shelving scheme Damaged status Not for loan Home library Current library Date acquired Total Checkouts Full call number Barcode Date last seen Bill Date Koha item type
          Dr. Rajendra Prasad Central Agricultural University Pusa, Dr. Rajendra Prasad Central Agricultural University Pusa, 27/04/2026   635.34 C35E 48820-UL 27/04/2026 27/04/2026 Thesis
Hosted, Implemented, Customized & Maintained by: BestBookBuddies

Powered by Koha